000 00258nam a2200121Ia 4500
008 190216s9999||||xx |||||||||||||| ||und||
100 _aNull
245 0 _aHindi-Bharath Ke Pradanamanthri
260 _bNull
300 _a52
650 _aHindi
942 _cBK
999 _c16035
_d16035